| 000 | | | 04022nmc2a2200000 x 450 |
| 001 | | | 612633e9-d362-47d0-8910-02ccba50d376 |
| 005 | | | 20151117104143.0 |
| 100 | ## | $a | 20140410l18831885k l0rusy0189 ca |
| 101 | 0# | $a | rus |
| 102 | ## | $a | RU |
| 200 | 1# | $a | Дело о выкупе земельных наделов временнообязанными крестьянами А.П. Цеханской и А.П. Кугушевой села Заречного Свищева Елатомского уезда Тамбовской губернии |
| | $j | 3 июня 1883 г. - 8 мая 1885 г. |
| 251 | ## | $c | Дело |
| 300 | ## | $a | Дело |
| 300 | ## | $a | Ориг. заголовок дела: Дело Цеханской А.П. и Кугушевой А.П. Тамбовской губернии Елатомского уезда села Заречного Свищева. 3 июня 1883 г. - 8 мая 1885 г |
| 801 | #0 | $a | RU |
| | $b | РГИА |
| | $c | 20140410 |
| | $g | RCR |
| 801 | #1 | $a | RU |
| | $b | ГлавНИВЦ |
| | $c | 20140410 |
| | $2 | rusmarc |
| 801 | #2 | $a | RU |
| | $b | ПБ им. Б.Н. Ельцина |
| | $c | 20151117 |
| | $g | RCR |
| | $2 | rusmarc |
| 850 | ## | $a | РГИА |
| 852 | ## | $a | РГИА |
| | $e | Федеральное казенное учреждение "Российский государственный исторический архив" (РГИА) |
| | $j | 450 |
| 937 | ## | $h | РГИА |
| | $d | 11121879 |
| | $a | ASBIBLIO_SCAN |
| 462 | #0 | $1 | 0017c5e74c9-979b-46fc-b2dd-52a15592f082 |
| | $1 | 2001 |
| | $a | Дела Главного выкупного учреждения Министерства финансов по Тамбовской губернии |
| | $1 | 251 |
| | $c | Опись |
| | $1 | 852 |
| | $j | 40 |
| 461 | #0 | $1 | 0018ef30ad5-ff5c-4840-a721-74c62a200f95 |
| | $1 | 2001 |
| | $a | Главное выкупное учреждение Министерства финансов (1861-1895) |
| | $1 | 251 |
| | $c | Фонд |
| | $1 | 852 |
| | $j | 577 |
| 215 | ## | $a | 30 л. |
| | $d | 36,5х26 см |
| 371 | ## | $a | Документ не является опубликованным и широко распространяемым |
| 105 | ## | $a | y### |
| 122 | 2# | $a | d |
| 517 | 1# | $a | Дело Цеханской А.П. и Кугушевой А.П. Тамбовской губернии Елатомского уезда села Заречного Свищева. 3 июня 1883 г. - 8 мая 1885 г. |
| 035 | ## | $a | 612633e9-d362-47d0-8910-02ccba50d376 |